[Event "Grand Swiss "]
[Date "2025.09.14"]
[White "Predke, Alexandr"]
[Black "Mamedov, Rauf"]
[WhiteElo "2609"]
[BlackElo "2651"]
[Round "10.10.20"]
[Result "1-0"]

1. d4 {[%clk 01:40:55] [%emt 00:00:03]} d5 {[%clk 01:40:52] [%emt 00:00:09]} 2.
c4 {[%clk 01:41:06] [%emt 00:00:20]} e6 {[%clk 01:41:19] [%emt 00:00:03]} 3. Nc3
{[%clk 01:39:23] [%emt 00:02:12]} c5 {[%clk 01:40:31] [%emt 00:01:18]} 4. cxd5
{[%clk 01:39:47] [%emt 00:00:06]} exd5 {[%clk 01:40:55] [%emt 00:00:06]} 5. Nf3
{[%clk 01:40:08] [%emt 00:00:09]} Nc6 {[%clk 01:41:19] [%emt 00:00:07]} 6. dxc5
{[%clk 01:39:04] [%emt 00:01:34]} d4 {[%clk 01:41:31] [%emt 00:00:18]} 7. Na4
{[%clk 01:39:29] [%emt 00:00:04]} Bxc5 {[%clk 01:41:58] [%emt 00:00:03]} 8. Nxc5
{[%clk 01:39:54] [%emt 00:00:05]} Qa5+ {[%clk 01:42:25] [%emt 00:00:03]} 9. Bd2
{[%clk 01:39:37] [%emt 00:00:47]} Qxc5 {[%clk 01:42:50] [%emt 00:00:05]} 10. e3
{[%clk 01:40:04] [%emt 00:00:03]} dxe3 {[%clk 01:39:55] [%emt 00:03:26]} 11.
Bxe3 {[%clk 01:40:28] [%emt 00:00:05]} Qb4+ {[%clk 01:40:23] [%emt 00:00:02]}
12. Qd2 {[%clk 01:40:49] [%emt 00:00:09]} Qxd2+ {[%clk 01:39:21] [%emt
00:01:33]} 13. Bxd2 {[%clk 01:41:13] [%emt 00:00:06]} Nf6 {[%clk 01:33:15] [%emt
00:06:35]} 14. Bb5 {[%clk 01:39:54] [%emt 00:01:49]} Bd7 {[%clk 01:28:40] [%emt
00:05:06]} 15. O-O-O {[%clk 01:29:07] [%emt 00:11:17]} O-O {[%clk 01:12:51]
[%emt 00:16:19]} 16. Bc3 {[%clk 01:28:13] [%emt 00:01:23]} Rfd8 {[%clk 01:08:50]
[%emt 00:04:31]} 17. Bxf6 {[%clk 01:22:05] [%emt 00:06:38]} gxf6 {[%clk
01:09:14] [%emt 00:00:07]} 18. b3 {[%clk 01:22:07] [%emt 00:00:28]} a6 {[%clk
00:56:50] [%emt 00:12:55]} 19. Bxc6 {[%clk 01:18:49] [%emt 00:03:47]} Bxc6
{[%clk 00:56:04] [%emt 00:01:15]} 20. Nd4 {[%clk 01:16:42] [%emt 00:02:37]} Be4
{[%clk 00:47:37] [%emt 00:08:57]} 21. Rhe1 {[%clk 01:10:39] [%emt 00:06:33]}
Rac8+ {[%clk 00:45:38] [%emt 00:02:30]} 22. Kb2 {[%clk 01:11:04] [%emt
00:00:05]} Bg6 {[%clk 00:45:18] [%emt 00:00:50]} 23. Rd2 {[%clk 01:05:56] [%emt
00:05:39]} Rd5 {[%clk 00:43:55] [%emt 00:01:53]} 24. Rc1 {[%clk 00:56:26] [%emt
00:09:59]} Rcd8 {[%clk 00:33:00] [%emt 00:11:26]} 25. Rcd1 {[%clk 00:56:45]
[%emt 00:00:11]} Rc8 {[%clk 00:27:39] [%emt 00:05:52]} 26. Nf3 {[%clk 00:50:35]
[%emt 00:06:40]} Rc2+ {[%clk 00:24:03] [%emt 00:04:07]} 27. Rxc2 {[%clk
00:50:37] [%emt 00:00:28]} Rxd1 {[%clk 00:24:30] [%emt 00:00:03]} 28. Rc1 {[%clk
00:43:44] [%emt 00:07:23]} Rd3 {[%clk 00:19:22] [%emt 00:05:38]} 29. Rc4 {[%clk
00:35:50] [%emt 00:08:24]} Rd1 {[%clk 00:19:26] [%emt 00:00:26]} 30. Rf4 {[%clk
00:35:44] [%emt 00:00:36]} Kg7 {[%clk 00:19:05] [%emt 00:00:52]} 31. a4 {[%clk
00:31:03] [%emt 00:05:11]} a5 {[%clk 00:17:45] [%emt 00:01:50]} 32. Nd4 {[%clk
00:21:49] [%emt 00:09:44]} Kf8 {[%clk 00:17:04] [%emt 00:01:10]} 33. Nf5 {[%clk
00:21:09] [%emt 00:01:10]} Rh1 {[%clk 00:12:22] [%emt 00:05:11]} 34. h3 {[%clk
00:14:57] [%emt 00:06:42]} h5 {[%clk 00:09:32] [%emt 00:03:20]} 35. Ne3 {[%clk
00:12:54] [%emt 00:02:33]} Rb1+ {[%clk 00:09:58] [%emt 00:00:04]} 36. Ka2 {[%clk
00:12:49] [%emt 00:00:35]} Re1 {[%clk 00:10:24] [%emt 00:00:04]} 37. Rxf6 {[%clk
00:09:51] [%emt 00:03:28]} Re2+ {[%clk 00:08:25] [%emt 00:02:29]} 38. Ka1 {[%clk
00:07:21] [%emt 00:03:01]} Ke7 {[%clk 00:06:36] [%emt 00:02:19]} 39. Rf4 {[%clk
00:06:58] [%emt 00:00:53]} Ke6 {[%clk 00:07:03] [%emt 00:00:03]} 40. Nc4 {[%clk
00:05:30] [%emt 00:01:58]} Be4 {[%clk 00:07:17] [%emt 00:00:15]} 41. g3 {[%clk
00:46:58] [%emt 00:09:03]} f5 {[%clk 00:49:05] [%emt 00:08:42]} 42. h4 {[%clk
00:40:48] [%emt 00:06:40]} Kd5 {[%clk 00:37:16] [%emt 00:12:19]} 43. Nxa5 {[%clk
00:32:10] [%emt 00:09:08]} b6 {[%clk 00:35:35] [%emt 00:02:11]} 44. Nc4 {[%clk
00:31:15] [%emt 00:01:25]} Kc5 {[%clk 00:35:57] [%emt 00:00:07]} 45. f3 {[%clk
00:30:10] [%emt 00:01:36]} Bd3 {[%clk 00:35:54] [%emt 00:00:33]} 46. Nb2 {[%clk
00:28:38] [%emt 00:02:01]} Bc2 {[%clk 00:31:32] [%emt 00:04:52]} 47. Rc4+ {[%clk
00:24:55] [%emt 00:04:13]} Kd5 {[%clk 00:30:57] [%emt 00:01:04]} 48. Ka2 {[%clk
00:25:09] [%emt 00:00:16]} Bd3 {[%clk 00:24:23] [%emt 00:07:04]} 49. Rc8 {[%clk
00:23:39] [%emt 00:02:01]} Ba6 {[%clk 00:23:22] [%emt 00:01:30]} 50. Ra8 {[%clk
00:10:22] [%emt 00:13:47]} Bb7 {[%clk 00:23:09] [%emt 00:00:43]} 51. Rb8 {[%clk
00:10:49] [%emt 00:00:03]} Bc6 {[%clk 00:19:28] [%emt 00:04:11]} 52. Ka3 {[%clk
00:09:43] [%emt 00:01:36]} Kd4 {[%clk 00:17:58] [%emt 00:02:00]} 53. Rxb6 {[%clk
00:07:28] [%emt 00:02:46]} Bxf3 {[%clk 00:18:23] [%emt 00:00:05]} 54. Rd6+
{[%clk 00:07:21] [%emt 00:00:37]} Kc5 {[%clk 00:17:19] [%emt 00:01:34]} 55. Rd3
{[%clk 00:07:20] [%emt 00:00:31]} Be4 {[%clk 00:17:14] [%emt 00:00:35]} 56. b4+
{[%clk 00:07:37] [%emt 00:00:14]} Kc6 {[%clk 00:17:41] [%emt 00:00:03]} 57. Rc3+
{[%clk 00:07:34] [%emt 00:00:33]} Kd5 {[%clk 00:18:10] [%emt 00:00:01]} 58. b5
{[%clk 00:07:00] [%emt 00:01:04]} Kd4 {[%clk 00:18:19] [%emt 00:00:21]} 59. Rc4+
{[%clk 00:06:43] [%emt 00:00:47]} Ke5 {[%clk 00:18:15] [%emt 00:00:34]} 60. Rc8
{[%clk 00:04:23] [%emt 00:02:51]} Kd4 {[%clk 00:16:40] [%emt 00:02:05]} 61. Nd1
{[%clk 00:15:11] [%emt 00:04:41]} Rg2 {[%clk 00:29:03] [%emt 00:03:07]} 62. a5
{[%clk 00:13:03] [%emt 00:02:38]} Bb7 {[%clk 00:27:48] [%emt 00:01:45]} 63. Rc7
{[%clk 00:13:05] [%emt 00:00:29]} Bd5 {[%clk 00:27:44] [%emt 00:00:33]} 64. Kb4
{[%clk 00:12:30] [%emt 00:01:05]} Rd2 {[%clk 00:25:02] [%emt 00:03:11]} 65. Rc1
{[%clk 00:12:26] [%emt 00:00:34]} Bf3 {[%clk 00:24:32] [%emt 00:01:00]} 66. Rc4
{[%clk 00:12:33] [%emt 00:00:23]} Ke5 {[%clk 00:24:48] [%emt 00:00:14]} 67. Nc3
{[%clk 00:12:40] [%emt 00:00:24]} Rg2 {[%clk 00:25:06] [%emt 00:00:11]} 68. a6
{[%clk 00:12:27] [%emt 00:00:44]} Rxg3 {[%clk 00:25:32] [%emt 00:00:04]} 69. b6
{[%clk 00:12:32] [%emt 00:00:25]} Rg2 {[%clk 00:25:49] [%emt 00:00:13]} 70. Nb5
{[%clk 00:11:20] [%emt 00:01:42]} Rg7 {[%clk 00:25:54] [%emt 00:00:24]} 71. Rc5+
{[%clk 00:10:56] [%emt 00:00:54]} Kf6 {[%clk 00:26:19] [%emt 00:00:06]} 72. Rc7
{[%clk 00:11:01] [%emt 00:00:25]} Rg4+ {[%clk 00:26:33] [%emt 00:00:16]} 73. Ka5
{[%clk 00:11:21] [%emt 00:00:10]} 1-0

[Site "Europe Echecs"]

[Event "Grand Swiss "]
[Date "2025.09.14"]
[White "Hakobyan, Aram"]
[Black "Grandelius, Nils"]
[WhiteElo "2625"]
[BlackElo "2648"]
[Round "10.10.21"]
[Result "1/2-1/2"]

1. Nf3 {[%clk 01:40:09] [%emt 00:00:51]} Nf6 {[%clk 01:39:38] [%emt 00:01:22]}
2. d4 {[%clk 01:39:03] [%emt 00:01:36]} e6 {[%clk 01:39:09] [%emt 00:00:59]} 3.
e3 {[%clk 01:39:20] [%emt 00:00:13]} c5 {[%clk 01:31:34] [%emt 00:08:05]} 4. c4
{[%clk 01:38:59] [%emt 00:00:51]} cxd4 {[%clk 01:31:31] [%emt 00:00:33]} 5. exd4
{[%clk 01:39:20] [%emt 00:00:10]} d5 {[%clk 01:31:55] [%emt 00:00:05]} 6. Nc3
{[%clk 01:39:23] [%emt 00:00:27]} Bb4 {[%clk 01:29:42] [%emt 00:02:44]} 7. cxd5
{[%clk 01:39:05] [%emt 00:00:48]} exd5 {[%clk 01:28:45] [%emt 00:01:26]} 8. Bd3
{[%clk 01:34:30] [%emt 00:05:05]} O-O {[%clk 01:28:22] [%emt 00:00:53]} 9. O-O
{[%clk 01:34:41] [%emt 00:00:19]} Bg4 {[%clk 01:28:24] [%emt 00:00:27]} 10. Bg5
{[%clk 01:30:42] [%emt 00:04:29]} Bxc3 {[%clk 01:27:38] [%emt 00:01:16]} 11.
bxc3 {[%clk 01:30:53] [%emt 00:00:19]} Qd6 {[%clk 01:27:54] [%emt 00:00:13]} 12.
h3 {[%clk 01:28:42] [%emt 00:02:41]} Bh5 {[%clk 01:24:36] [%emt 00:03:47]} 13.
Bxf6 {[%clk 01:18:26] [%emt 00:10:47]} Qxf6 {[%clk 01:24:52] [%emt 00:00:13]}
14. g4 {[%clk 01:18:54] [%emt 00:00:04]} Bg6 {[%clk 01:24:10] [%emt 00:01:10]}
15. Ne5 {[%clk 01:19:17] [%emt 00:00:08]} Bxd3 {[%clk 01:05:40] [%emt 00:19:00]}
16. Qxd3 {[%clk 01:19:35] [%emt 00:00:11]} Qd6 {[%clk 01:05:20] [%emt 00:00:50]}
17. Rab1 {[%clk 01:08:48] [%emt 00:11:18]} b6 {[%clk 00:58:22] [%emt 00:07:28]}
18. Rfe1 {[%clk 00:56:56] [%emt 00:12:22]} Nd7 {[%clk 00:51:03] [%emt 00:07:49]}
19. Qb5 {[%clk 00:50:02] [%emt 00:07:24]} Nxe5 {[%clk 00:44:17] [%emt 00:07:15]}
20. dxe5 {[%clk 00:49:14] [%emt 00:01:19]} Qe6 {[%clk 00:42:22] [%emt 00:02:23]}
21. Rbd1 {[%clk 00:48:21] [%emt 00:01:24]} Rac8 {[%clk 00:40:57] [%emt
00:01:55]} 22. Re3 {[%clk 00:25:36] [%emt 00:23:16]} Rc5 {[%clk 00:39:37] [%emt
00:01:49]} 23. Qe2 {[%clk 00:25:38] [%emt 00:00:28]} h6 {[%clk 00:34:39] [%emt
00:05:28]} 24. Rd4 {[%clk 00:24:01] [%emt 00:02:08]} Rfc8 {[%clk 00:29:13] [%emt
00:05:55]} 25. Qd2 {[%clk 00:24:25] [%emt 00:00:03]} Qc6 {[%clk 00:27:38] [%emt
00:02:08]} 26. Rdd3 {[%clk 00:21:41] [%emt 00:03:14]} b5 {[%clk 00:26:15] [%emt
00:01:53]} 27. Qe2 {[%clk 00:18:29] [%emt 00:03:42]} Qe6 {[%clk 00:20:10] [%emt
00:06:35]} 28. Qf3 {[%clk 00:18:11] [%emt 00:00:48]} R8c6 {[%clk 00:16:13] [%emt
00:04:27]} 29. Rd4 {[%clk 00:15:52] [%emt 00:02:49]} Ra6 {[%clk 00:08:19] [%emt
00:08:24]} 30. Red3 {[%clk 00:13:52] [%emt 00:02:30]} Qxe5 {[%clk 00:07:59]
[%emt 00:00:50]} 31. Rxd5 {[%clk 00:13:45] [%emt 00:00:37]} Rxd5 {[%clk
00:08:19] [%emt 00:00:09]} 32. Rxd5 {[%clk 00:13:51] [%emt 00:00:24]} Rf6 {[%clk
00:06:08] [%emt 00:02:41]} 33. Rxe5 {[%clk 00:10:19] [%emt 00:04:03]} 1/2-1/2

[Site "Europe Echecs"]

[Event "Grand Swiss "]
[Date "2025.09.14"]
[White "Erdogmus, Yagiz Kaan"]
[Black "Maurizzi, MarcAndria"]
[WhiteElo "2646"]
[BlackElo "2610"]
[Round "10.10.22"]
[Result "1/2-1/2"]

1. e4 {[%clk 01:40:59] [%emt 00:06:54]} e5 {[%clk 01:40:35] [%emt 00:00:25]} 2.
Nf3 {[%clk 01:41:22] [%emt 00:00:07]} Nc6 {[%clk 01:41:00] [%emt 00:00:06]} 3.
Bc4 {[%clk 01:41:46] [%emt 00:00:06]} Bc5 {[%clk 01:40:46] [%emt 00:00:43]} 4.
Nc3 {[%clk 01:42:02] [%emt 00:00:15]} Nf6 {[%clk 01:40:30] [%emt 00:00:47]} 5.
d3 {[%clk 01:42:26] [%emt 00:00:06]} a6 {[%clk 01:40:23] [%emt 00:00:37]} 6. a4
{[%clk 01:30:35] [%emt 00:12:21]} d6 {[%clk 01:40:06] [%emt 00:00:46]} 7. O-O
{[%clk 01:25:53] [%emt 00:05:12]} Be6 {[%clk 01:37:12] [%emt 00:03:25]} 8. Nd5
{[%clk 01:22:57] [%emt 00:03:26]} h6 {[%clk 01:17:48] [%emt 00:19:54]} 9. c3
{[%clk 01:19:15] [%emt 00:04:12]} Ba7 {[%clk 01:14:18] [%emt 00:04:00]} 10. Re1
{[%clk 00:58:06] [%emt 00:21:39]} O-O {[%clk 01:11:27] [%emt 00:03:22]} 11. h3
{[%clk 00:56:13] [%emt 00:02:22]} Re8 {[%clk 01:08:37] [%emt 00:03:18]} 12. a5
{[%clk 00:33:36] [%emt 00:23:09]} Bxd5 {[%clk 01:00:07] [%emt 00:09:00]} 13.
exd5 {[%clk 00:34:00] [%emt 00:00:06]} Ne7 {[%clk 01:00:32] [%emt 00:00:04]} 14.
Qb3 {[%clk 00:29:56] [%emt 00:04:35]} Qd7 {[%clk 00:50:34] [%emt 00:10:28]} 15.
d4 {[%clk 00:27:45] [%emt 00:02:41]} exd4 {[%clk 00:45:17] [%emt 00:05:47]} 16.
cxd4 {[%clk 00:27:58] [%emt 00:00:17]} c6 {[%clk 00:39:22] [%emt 00:06:26]} 17.
dxc6 {[%clk 00:28:14] [%emt 00:00:14]} Nxc6 {[%clk 00:39:49] [%emt 00:00:02]}
18. Be3 {[%clk 00:26:16] [%emt 00:02:29]} d5 {[%clk 00:40:14] [%emt 00:00:05]}
19. Bf1 {[%clk 00:22:13] [%emt 00:04:32]} Bb8 {[%clk 00:38:01] [%emt 00:02:43]}
20. Qa4 {[%clk 00:16:22] [%emt 00:06:22]} Bd6 {[%clk 00:36:25] [%emt 00:02:05]}
21. Rec1 {[%clk 00:13:10] [%emt 00:03:42]} Qf5 {[%clk 00:26:34] [%emt 00:10:21]}
22. b4 {[%clk 00:06:40] [%emt 00:07:01]} Bf4 {[%clk 00:20:41] [%emt 00:06:23]}
23. Bxf4 {[%clk 00:06:32] [%emt 00:00:38]} Qxf4 {[%clk 00:21:09]} 24. Rd1 {[%clk
00:05:49] [%emt 00:01:13]} Ne4 {[%clk 00:20:58] [%emt 00:00:41]} 25. Qb3 {[%clk
00:05:37] [%emt 00:00:42]} Re6 {[%clk 00:20:05] [%emt 00:01:23]} 26. Ra2 {[%clk
00:04:56] [%emt 00:01:11]} Qd6 {[%clk 00:17:35] [%emt 00:03:00]} 27. Rb2 {[%clk
00:03:17] [%emt 00:02:10]} Rae8 {[%clk 00:17:22] [%emt 00:00:42]} 28. Re1 {[%clk
00:03:06] [%emt 00:00:41]} R8e7 {[%clk 00:11:25] [%emt 00:06:27]} 29. Re3 {[%clk
00:02:38] [%emt 00:00:59]} Rc7 {[%clk 00:06:33] [%emt 00:05:22]} 30. Qa3 {[%clk
00:02:21] [%emt 00:00:46]} Na7 {[%clk 00:06:11] [%emt 00:00:52]} 31. Qa1 {[%clk
00:00:40] [%emt 00:02:11]} Qf4 {[%clk 00:05:17] [%emt 00:01:23]} 32. Qe1 {[%clk
00:00:45] [%emt 00:00:25]} Rec6 {[%clk 00:05:08] [%emt 00:00:39]} 33. Rb1 {[%clk
00:00:48] [%emt 00:00:27]} Rc3 {[%clk 00:03:42] [%emt 00:01:56]} 34. Ne5 {[%clk
00:01:00] [%emt 00:00:18]} Nb5 {[%clk 00:03:02] [%emt 00:01:10]} 35. Nd3 {[%clk
00:01:02] [%emt 00:00:29]} Qf6 {[%clk 00:02:54] [%emt 00:00:37]} 36. Nc5 {[%clk
00:00:33] [%emt 00:00:59]} Qxd4 {[%clk 00:02:48] [%emt 00:00:35]} 37. Bxb5
{[%clk 00:00:36] [%emt 00:00:28]} axb5 {[%clk 00:03:15] [%emt 00:00:04]} 38.
Nxe4 {[%clk 00:00:34] [%emt 00:00:31]} Rxe3 {[%clk 00:03:39] [%emt 00:00:06]}
39. Qxe3 {[%clk 00:00:58] [%emt 00:00:06]} Qxe3 {[%clk 00:02:12] [%emt
00:01:56]} 40. fxe3 {[%clk 00:00:40] [%emt 00:00:48]} dxe4 {[%clk 00:02:41]
[%emt 00:00:01]} 41. Rd1 {[%clk 00:00:49] [%emt 00:00:21]} Rc4 {[%clk 00:02:34]
[%emt 00:00:36]} 42. Rd7 {[%clk 00:46:39] [%emt 00:04:40]} Rxb4 {[%clk 00:52:17]
[%emt 00:00:47]} 43. Rxb7 {[%clk 00:47:05] [%emt 00:00:04]} g6 {[%clk 00:47:39]
[%emt 00:05:08]} 1/2-1/2

[Site "Europe Echecs"]

[Event "Grand Swiss "]
[Date "2025.09.14"]
[White "Vokhidov, Shamsiddin"]
[Black "Pranav, V"]
[WhiteElo "2645"]
[BlackElo "2596"]
[Round "10.10.23"]
[Result "1/2-1/2"]

1. e4 {[%clk 01:40:58] [%emt 00:00:01]} e5 {[%clk 01:40:53] [%emt 00:00:08]} 2.
Nf3 {[%clk 01:41:24] [%emt 00:00:03]} Nc6 {[%clk 01:41:12] [%emt 00:00:10]} 3.
Bb5 {[%clk 01:41:49] [%emt 00:00:05]} Nf6 {[%clk 01:41:32] [%emt 00:00:10]} 4.
d3 {[%clk 01:40:06] [%emt 00:02:13]} Bc5 {[%clk 01:41:54] [%emt 00:00:09]} 5.
Bxc6 {[%clk 01:35:53] [%emt 00:04:43]} dxc6 {[%clk 01:42:15] [%emt 00:00:08]} 6.
O-O {[%clk 01:36:19] [%emt 00:00:04]} Qe7 {[%clk 01:41:31] [%emt 00:01:14]} 7.
Nbd2 {[%clk 01:34:51] [%emt 00:01:59]} O-O {[%clk 01:35:51] [%emt 00:06:11]} 8.
Nc4 {[%clk 01:20:05] [%emt 00:15:16]} Nd7 {[%clk 01:36:06] [%emt 00:00:15]} 9.
a4 {[%clk 01:19:10] [%emt 00:01:25]} a5 {[%clk 01:31:49] [%emt 00:04:47]} 10.
Be3 {[%clk 01:07:01] [%emt 00:12:38]} Bxe3 {[%clk 01:28:05] [%emt 00:04:15]} 11.
Nxe3 {[%clk 01:07:26] [%emt 00:00:06]} Nc5 {[%clk 01:27:26] [%emt 00:01:09]} 12.
Kh1 {[%clk 01:07:11] [%emt 00:00:45]} Rd8 {[%clk 01:25:20] [%emt 00:02:36]} 13.
Qe1 {[%clk 01:07:33] [%emt 00:00:08]} f6 {[%clk 01:24:58] [%emt 00:00:52]} 14.
Nh4 {[%clk 00:56:01] [%emt 00:12:03]} Ne6 {[%clk 01:18:10] [%emt 00:07:18]} 15.
g3 {[%clk 00:56:06] [%emt 00:00:25]} Nd4 {[%clk 01:17:18] [%emt 00:01:23]} 16.
f4 {[%clk 00:55:17] [%emt 00:01:18]} Be6 {[%clk 01:17:15] [%emt 00:00:33]} 17.
Rf2 {[%clk 00:45:18] [%emt 00:10:30]} Qe8 {[%clk 01:10:46] [%emt 00:06:58]} 18.
fxe5 {[%clk 00:41:11] [%emt 00:04:38]} fxe5 {[%clk 01:10:49] [%emt 00:00:27]}
19. Nef5 {[%clk 00:41:31] [%emt 00:00:10]} c5 {[%clk 00:47:49] [%emt 00:23:31]}
20. Qe3 {[%clk 00:39:33] [%emt 00:02:27]} Bxf5 {[%clk 00:47:47] [%emt 00:00:32]}
21. exf5 {[%clk 00:35:50] [%emt 00:04:12]} c4 {[%clk 00:44:08] [%emt 00:04:10]}
22. dxc4 {[%clk 00:31:41] [%emt 00:04:40]} Qc6+ {[%clk 00:44:36] [%emt
00:00:01]} 23. Kg1 {[%clk 00:32:10] [%emt 00:00:02]} Qxc4 {[%clk 00:44:49] [%emt
00:00:17]} 24. f6 {[%clk 00:30:29] [%emt 00:02:10]} Rf8 {[%clk 00:38:12] [%emt
00:07:06]} 25. Qg5 {[%clk 00:16:43] [%emt 00:14:16]} Rf7 {[%clk 00:34:25] [%emt
00:04:17]} 26. c3 {[%clk 00:16:55] [%emt 00:00:18]} Ne6 {[%clk 00:26:04] [%emt
00:08:50]} 27. Qxe5 {[%clk 00:17:14] [%emt 00:00:12]} Rxf6 {[%clk 00:26:07]
[%emt 00:00:27]} 28. Rxf6 {[%clk 00:17:28] [%emt 00:00:16]} gxf6 {[%clk
00:26:32] [%emt 00:00:05]} 29. Qxf6 {[%clk 00:17:56] [%emt 00:00:02]} Rf8 {[%clk
00:26:22] [%emt 00:00:40]} 30. Qe5 {[%clk 00:18:18] [%emt 00:00:09]} Qc5+ {[%clk
00:26:29] [%emt 00:00:23]} 31. Qxc5 {[%clk 00:18:46] [%emt 00:00:02]} Nxc5
{[%clk 00:26:58] [%emt 00:00:01]} 32. b4 {[%clk 00:18:20] [%emt 00:00:56]} Ne4
{[%clk 00:26:05] [%emt 00:01:22]} 33. Ra3 {[%clk 00:15:50] [%emt 00:03:01]} b6
{[%clk 00:25:18] [%emt 00:01:17]} 34. Rb3 {[%clk 00:15:02] [%emt 00:01:17]} Ra8
{[%clk 00:22:58] [%emt 00:02:50]} 35. Ra3 {[%clk 00:09:38] [%emt 00:05:54]} Rd8
{[%clk 00:22:35] [%emt 00:00:51]} 36. bxa5 {[%clk 00:09:19] [%emt 00:00:51]}
bxa5 {[%clk 00:23:03] [%emt 00:00:02]} 37. Rb3 {[%clk 00:08:01] [%emt 00:01:48]}
Nc5 {[%clk 00:23:24] [%emt 00:00:09]} 38. Rb5 {[%clk 00:08:03] [%emt 00:00:28]}
Nxa4 {[%clk 00:23:47] [%emt 00:00:07]} 39. Rxa5 {[%clk 00:08:29] [%emt
00:00:04]} Nxc3 {[%clk 00:24:11] [%emt 00:00:06]} 40. Nf5 {[%clk 00:08:43] [%emt
00:00:15]} Kf7 {[%clk 00:24:22] [%emt 00:00:18]} 41. Ne3 {[%clk 00:08:18] [%emt
00:00:56]} 1/2-1/2

[Site "Europe Echecs"]

[Event "Grand Swiss "]
[Date "2025.09.14"]
[White "Cheparinov, Ivan"]
[Black "Harikrishna, Pentala"]
[WhiteElo "2627"]
[BlackElo "2704"]
[Round "10.10.24"]
[Result "0-1"]

1. e4 {[%clk 01:40:56] [%emt 00:00:03]} e5 {[%clk 01:40:55] [%emt 00:00:06]} 2.
Nf3 {[%clk 01:41:22] [%emt 00:00:04]} Nc6 {[%clk 01:41:21] [%emt 00:00:05]} 3.
Bc4 {[%clk 01:41:47] [%emt 00:00:04]} Nf6 {[%clk 01:41:45] [%emt 00:00:06]} 4.
d3 {[%clk 01:41:38] [%emt 00:00:40]} Be7 {[%clk 01:42:10] [%emt 00:00:05]} 5.
O-O {[%clk 01:42:00] [%emt 00:00:08]} O-O {[%clk 01:42:36] [%emt 00:00:04]} 6.
Nc3 {[%clk 01:42:25] [%emt 00:00:04]} d6 {[%clk 01:43:03] [%emt 00:00:04]} 7. a4
{[%clk 01:42:49] [%emt 00:00:05]} Na5 {[%clk 01:42:05] [%emt 00:01:28]} 8. Ba2
{[%clk 01:43:12] [%emt 00:00:07]} Nc6 {[%clk 01:42:26] [%emt 00:00:09]} 9. Bd2
{[%clk 01:31:13] [%emt 00:12:29]} Nb4 {[%clk 01:37:33] [%emt 00:05:23]} 10. Bb3
{[%clk 01:31:37] [%emt 00:00:06]} c5 {[%clk 01:37:16] [%emt 00:00:47]} 11. Ne2
{[%clk 01:27:35] [%emt 00:04:32]} Nc6 {[%clk 01:35:35] [%emt 00:02:12]} 12. Ng3
{[%clk 01:26:03] [%emt 00:02:01]} Be6 {[%clk 01:29:02] [%emt 00:07:04]} 13. Bxe6
{[%clk 01:26:24] [%emt 00:00:09]} fxe6 {[%clk 01:29:25] [%emt 00:00:07]} 14. Re1
{[%clk 01:23:24] [%emt 00:03:31]} Qc7 {[%clk 01:24:42] [%emt 00:05:14]} 15. c3
{[%clk 01:21:07] [%emt 00:02:47]} d5 {[%clk 01:24:33] [%emt 00:00:38]} 16. Qe2
{[%clk 01:12:02] [%emt 00:09:36]} Rae8 {[%clk 01:19:23] [%emt 00:05:39]} 17. Bg5
{[%clk 01:05:40] [%emt 00:06:53]} h6 {[%clk 01:15:35] [%emt 00:04:18]} 18. Bxf6
{[%clk 01:02:35] [%emt 00:03:35]} Bxf6 {[%clk 01:13:53] [%emt 00:02:12]} 19. Nf1
{[%clk 01:00:34] [%emt 00:02:29]} Qd6 {[%clk 01:10:21] [%emt 00:04:02]} 20. Rad1
{[%clk 00:46:32] [%emt 00:14:32]} Bd8 {[%clk 01:08:01] [%emt 00:02:50]} 21. Ng3
{[%clk 00:46:44] [%emt 00:00:18]} Ba5 {[%clk 00:57:55] [%emt 00:10:37]} 22. h3
{[%clk 00:37:16] [%emt 00:09:57]} a6 {[%clk 00:47:41] [%emt 00:10:44]} 23. Rf1
{[%clk 00:29:55] [%emt 00:07:51]} Re7 {[%clk 00:40:35] [%emt 00:07:35]} 24. Nh4
{[%clk 00:26:53] [%emt 00:03:32]} Ref7 {[%clk 00:34:59] [%emt 00:06:07]} 25. Ng6
{[%clk 00:24:43] [%emt 00:02:40]} Rd8 {[%clk 00:34:31] [%emt 00:00:58]} 26. h4
{[%clk 00:23:22] [%emt 00:01:51]} d4 {[%clk 00:34:09] [%emt 00:00:52]} 27. cxd4
{[%clk 00:20:38] [%emt 00:03:15]} Nxd4 {[%clk 00:30:43] [%emt 00:03:54]} 28. Qg4
{[%clk 00:21:03] [%emt 00:00:05]} Nc6 {[%clk 00:23:58] [%emt 00:07:16]} 29. Nh5
{[%clk 00:14:42] [%emt 00:06:52]} Bc7 {[%clk 00:16:14] [%emt 00:08:14]} 30. Kh1
{[%clk 00:14:27] [%emt 00:00:44]} Ne7 {[%clk 00:15:50] [%emt 00:00:53]} 31. f4
{[%clk 00:12:32] [%emt 00:02:26]} Nxg6 {[%clk 00:13:30] [%emt 00:02:50]} 32.
Qxg6 {[%clk 00:12:58] [%emt 00:00:03]} exf4 {[%clk 00:12:42] [%emt 00:01:18]}
33. Rxf4 {[%clk 00:10:50] [%emt 00:02:39]} Qf8 {[%clk 00:12:33] [%emt 00:00:39]}
34. Rxf7 {[%clk 00:05:56] [%emt 00:05:24]} Qxf7 {[%clk 00:12:58] [%emt
00:00:05]} 35. Qxf7+ {[%clk 00:06:21] [%emt 00:00:05]} Kxf7 {[%clk 00:13:23]
[%emt 00:00:04]} 36. g3 {[%clk 00:06:49] [%emt 00:00:02]} Rd4 {[%clk 00:10:20]
[%emt 00:03:33]} 37. b3 {[%clk 00:07:05] [%emt 00:00:15]} Rb4 {[%clk 00:09:28]
[%emt 00:01:22]} 38. Rb1 {[%clk 00:07:30] [%emt 00:00:05]} g5 {[%clk 00:07:06]
[%emt 00:02:51]} 39. hxg5 hxg5 {[%clk 00:07:29]} 40. Kg2 {[%clk 00:07:53] [%emt
00:00:32]} Kg6 {[%clk 00:04:50] [%emt 00:03:10]} 41. g4 {[%clk 00:08:20] [%emt
00:00:02]} Be5 {[%clk 00:04:48] [%emt 00:00:31]} 42. Ng3 {[%clk 00:07:34] [%emt
00:01:17]} b5 {[%clk 00:50:21] [%emt 00:04:57]} 43. axb5 {[%clk 00:58:00] [%emt
00:00:04]} axb5 {[%clk 00:50:39] [%emt 00:00:12]} 44. Rc1 {[%clk 00:58:22] [%emt
00:00:08]} Rxb3 {[%clk 00:49:46] [%emt 00:01:24]} 45. Rxc5 {[%clk 00:58:48]
[%emt 00:00:04]} Rb2+ {[%clk 00:49:59] [%emt 00:00:16]} 46. Kh3 {[%clk 00:59:13]
[%emt 00:00:05]} Bf4 {[%clk 00:50:19] [%emt 00:00:10]} 0-1

[Site "Europe Echecs"]